| 000 | 00342nam a2200133Ia 4500 | ||
|---|---|---|---|
| 008 | 230524s9999 xx 000 0 und d | ||
| 020 | _a8183630014 | ||
| 100 |
_aA.P. Chekhov _936662 |
||
| 245 | 0 | _aShort Stories and Novel | |
| 260 | _bAdarsh Books | ||
| 500 | _aQuantity Number: 1 | ||
| 650 |
_aPersonality Development _936663 |
||
| 942 | _cBK | ||
| 999 |
_c50692 _d50692 |
||